Técnicas y programas en terapia familiar / (Registro nro. 62630)
[ vista simple ]
| 000 -LEADER | |
|---|---|
| fixed length control field | 00717nam a2200253 a 4500 |
| 001 - CONTROL NUMBER | |
| control field | 62630 |
| 003 - CONTROL NUMBER IDENTIFIER | |
| control field | Mx-PuUPA |
| 005 - DATE AND TIME OF LATEST TRANSACTION | |
| control field | 20240930160457.0 |
| 008 - FIXED-LENGTH DATA ELEMENTS--GENERAL INFORMATION | |
| fixed length control field | 150519s2011 sp 000 0 spa d |
| 020 ## - INTERNATIONAL STANDARD BOOK NUMBER | |
| International Standard Book Number | 978-84-7509-830-2 |
| 040 ## - CATALOGING SOURCE | |
| Transcribing agency | Mx-PuUPA |
| 082 0# - DEWEY DECIMAL CLASSIFICATION NUMBER | |
| Classification number | 616.89156 |
| Item number | NAV |
| 100 1# - MAIN ENTRY--PERSONAL NAME | |
| Personal name | Navarro Góngora, José, |
| Relator term | autor |
| 9 (RLIN) | 544 |
| 245 10 - TITLE STATEMENT | |
| Title | Técnicas y programas en terapia familiar / |
| Statement of responsibility, etc. | José Navarro Góngora. |
| 250 ## - EDITION STATEMENT | |
| Edition statement | 1a. edición |
| 300 ## - PHYSICAL DESCRIPTION | |
| Extent | 329 páginas ; |
| Dimensions | 22 cm. |
| 336 ## - CONTENT TYPE | |
| Content type term | texto |
| Source | rdacontent |
| 337 ## - MEDIA TYPE | |
| Media type term | sin mediación |
| Source | rdamedia |
| 338 ## - CARRIER TYPE | |
| Carrier type term | volumen |
| Source | rdacarrier |
| 490 0# - SERIES STATEMENT | |
| Series statement | Paidós Terapia Fmiliar |
| Volume/sequential designation | 54 |
| 500 ## - GENERAL NOTE | |
| General note | colección CEFAS |
| 650 #4 - SUBJECT ADDED ENTRY--TOPICAL TERM | |
| Topical term or geographic name entry element | Terapia Familiar |
| 942 ## - ADDED ENTRY ELEMENTS (KOHA) | |
| Source of classification or shelving scheme | Dewey Decimal Classification |
| Koha item type | Libro |
| Withdrawn status | Lost status | Source of classification or shelving scheme | Damaged status | Not for loan | Collection code | Home library | Current library | Shelving location | Date acquired | Source of acquisition | Inventory number | Total Checkouts | Total Renewals | Full call number | Barcode | Date last seen | Date last checked out | Price effective from | Koha item type |
|---|---|---|---|---|---|---|---|---|---|---|---|---|---|---|---|---|---|---|---|
| Dewey Decimal Classification | General | Biblioteca Karol Wojtyla | Biblioteca Karol Wojtyla | Sala general | 19/05/2015 | Compra | 151000000000000000008463 | 2 | 1 | 616.89156 NAV 2011 | 93871 | 05/01/2026 | 22/01/2025 | 05/06/2015 | Libro |